Представление документа в формате RUSMARC

ПолеНазваниеЗначение
  Тип записи a
  Библиографический уровень a
001 Контрольный номер RU/CBS_UL/BASE/595460605
005 Дата корректировки 20250124001022.3
100 Данные общей обработки __
a Данные общей обработки 20181113d2018 ||| 0rusy0189 ca
101 Язык документа 0_
a Язык текста rus
102 Страна публикации __
a Страна публикации RU
105 Кодированные данные (монография) __
a Кодированные данные (монография) y###||||000|y
200 Заглавие и сведения об ответственности 1_
a Заглавие И вся эта "весна" ни к чему?
b Общее обозначение материала Текст
e Сведения, относящиеся к заглавию [о "Пражской весне" 1968 года]
f Первые сведения об ответственности А. Самохин
300 Общие примечания __
a Общие примечания Ограничения по возрасту - 16+
461 Уровень набора _0
1 2000
a Культура
463 Уровень физической единицы _0
1 001RU/CBS_UL/BASE/594949781
1 2000
a № 28 (17 августа)
v С. 3.
1 210
d 2018
606 Тематические рубрики 0_
a Основная рубрика Пражская весна - Чехословакия - 1968 г.
y Географическая подрубрика Чехословакия
610 Ключевые слова 0_
a Ключевые слова история
a Ключевые слова зарубежная история
a Ключевые слова Пражская весна
a Ключевые слова военные операции
a Ключевые слова конфликты
686 Индексы других классификаций __
a Классификационный индекс 63.3(4чех)
2 Код системы ББК
700 Автор _1
a Фамилия Самохин
b Имя (инициалы) А.
801 Источник записи _0
a Страна RU
b Организация МБУК ЦБС г. Ульяновска
c Дата составления 20181113
g Правила каталогизации RCR
801 Источник записи _1
a Страна RU
b Организация МБУК ЦБС г. Ульяновска
c Дата составления 20181113
g Правила каталогизации RCR
901 Тип документа __
t Тип документа f
w Контрольный № источника RU/CBS_UL/BASE/594949781
910 Корректоры записи __
a Корректор записи Библиотека 8
938 Служебная информация __
a Имя БД period